000
00354nam a2200133Ia 4500
008
231129s9999||||xx |||||||||||||| ||spa||
020
_a
958-04-0988-9
040
_b
spa
082
_a
(i) 808.068543 V498v
100
_a
Vergne Pauline
245
0
_a
Victor
264
_a
Barcelona EspaƱa: Norma
942
_2
ddc
_c
BKS
999
_c
26248
_d
26248